<?xml version="1.0" encoding="UTF-8"?>
<collection xmlns="http://www.loc.gov/MARC21/slim">
<record>
  <controlfield tag="001">7603</controlfield>
  <controlfield tag="005">20250611100529.0</controlfield>
  <datafield tag="037" ind1=" " ind2=" ">
    <subfield code="a">CTALK-2025-0085</subfield>
  </datafield>
  <datafield tag="100" ind1=" " ind2=" ">
    <subfield code="a">Van Noten, Koen</subfield>
  </datafield>
  <datafield tag="245" ind1=" " ind2=" ">
    <subfield code="a">The Belgian Macroseismic Database and its applications towards ShakeMap</subfield>
  </datafield>
  <datafield tag="260" ind1=" " ind2=" ">
    <subfield code="c">2025</subfield>
  </datafield>
  <datafield tag="269" ind1=" " ind2=" ">
    <subfield code="c">2025-06-05</subfield>
  </datafield>
  <datafield tag="520" ind1=" " ind2=" ">
    <subfield code="a">ShakeMap-EU is an initiative proposed to provide an integrated archive of ShakeMaps at the European level built on EPOS Seismology services &amp; data products and modern community software. It serves as a backup to authoritative ShakeMap implementations. For Belgium, Shakemap is not yet implemented in real-time, but efforts are ongoing to investigate which Ground Motion Prediction Equations, Intensity Prediction Equation and settings need to be used to provide reliable real-time Shakemaps for Belgium. This presentation presents first the Belgian Macroseismic Database and the "Did You Feel the Earthquake (DYFI)" procedure used in Belgium. Afterwards, DYFI are implemented in Shakemaps to demonstrate how the modelled ground motion changes with respect to Shakemaps created from using instrumental data alone. The Shakemaps presented are currently only experimental.</subfield>
  </datafield>
  <datafield tag="594" ind1=" " ind2=" ">
    <subfield code="a">NO</subfield>
  </datafield>
  <datafield tag="653" ind1="1" ind2=" ">
    <subfield code="a">Shakemap</subfield>
  </datafield>
  <datafield tag="653" ind1="1" ind2=" ">
    <subfield code="a">Belgium</subfield>
  </datafield>
  <datafield tag="653" ind1="1" ind2=" ">
    <subfield code="a">Did You Feel It?</subfield>
  </datafield>
  <datafield tag="700" ind1=" " ind2=" ">
    <subfield code="a">Neefs, Ben</subfield>
  </datafield>
  <datafield tag="700" ind1=" " ind2=" ">
    <subfield code="a">Vanneste, Kris</subfield>
  </datafield>
  <datafield tag="773" ind1=" " ind2=" ">
    <subfield code="t">Shakemap-EU Annual Meeting, Milano, Italy</subfield>
  </datafield>
  <datafield tag="856" ind1="0" ind2=" ">
    <subfield code="f">koen.vannoten@ksb-orb.be</subfield>
  </datafield>
  <datafield tag="856" ind1="4" ind2="2">
    <subfield code="a">https://shakemapeu.ingv.it/index.html</subfield>
  </datafield>
  <datafield tag="856" ind1="4" ind2=" ">
    <subfield code="s">11696980</subfield>
    <subfield code="u">http://publi2-as.oma.be/record/7603/files/VanNoten_et_al.pdf</subfield>
    <subfield code="y">Shakemap-BE presentation presented at the annual 2025 Shakemap-EU workshop</subfield>
  </datafield>
  <datafield tag="856" ind1="4" ind2=" ">
    <subfield code="s">8642</subfield>
    <subfield code="u">http://publi2-as.oma.be/record/7603/files/VanNoten_et_al.gif?subformat=icon</subfield>
    <subfield code="x">icon</subfield>
    <subfield code="y">Shakemap-BE presentation presented at the annual 2025 Shakemap-EU workshop</subfield>
  </datafield>
  <datafield tag="856" ind1="4" ind2=" ">
    <subfield code="s">9418</subfield>
    <subfield code="u">http://publi2-as.oma.be/record/7603/files/VanNoten_et_al.jpg?subformat=icon-180</subfield>
    <subfield code="x">icon-180</subfield>
    <subfield code="y">Shakemap-BE presentation presented at the annual 2025 Shakemap-EU workshop</subfield>
  </datafield>
  <datafield tag="906" ind1=" " ind2=" ">
    <subfield code="a">Invited</subfield>
  </datafield>
  <datafield tag="980" ind1=" " ind2=" ">
    <subfield code="a">CTALKINVI</subfield>
  </datafield>
</record>
</collection>